Responses for Show #1630 - Friday, October 4, 1991

Contestants

[<< previous game]

Cecile Myers, a research biologist from Ambler, Pennsylvania

Henry Zanetti, a U.S. Customs manager from Little Neck, New York

Aaron Gershowitz, a refugee resettlement coordinator from New York City, New York (whose 1-day cash winnings total $23,500)

Jeopardy! Round responses

U.S. CITIES
FOOD FACTS
SPORTS
BIOGRAPHIES
SAINTS
MAXIMS & MOTTOS
    $100 1
Anchorage

Aaron
    $100 16
hearts

Henry
    $100 7
Joe Louis

Henry
    $100 4
Shirley Temple

Aaron
    $100 26
the Eastern Orthodox Church

Cecile
    $100 21
mind

Henry
    $200 2
Ann Arbor

Aaron
    $200 17
olive oil

Aaron
    $200 8
the New York Islanders

Henry
    $200 12
Benedict Arnold

Cecile
    $200 27
St. Thomas Aquinas

Cecile
    $200 22
Confucius

Aaron
    $300 3
Hialeah

Cecile
    $300 18
cloves

Aaron
    $300 9
yachting

Henry
    $300 13
Mathew Brady

Cecile
    $300 28
Salome

Henry
    $500 23
(Alex: It's been a while since we had an audio on the program.)

"que sera sera"

Aaron
    $400 5
Memphis

Henry
    $400 19
cream

Aaron
    $400 10
Jack Nicklaus

Henry
    $400 14
Cristina Onassis

Henry
    $400 29
the Venerable Bede

Henry
    $400 24
(Aaron: What is "give me liberty or give me death"?)
(Henry: What is "death to tyrants"?)
...
(Alex: "Thus always to tyrants"--no mention of death.)

"sic semper tyrannis"

AaronHenry
Triple Stumper
    $500 6
(Cecile: What is Montpelier?)

Concord, New Hampshire

HenryCecile
    $500 20
head cheese

Aaron
    $500 11
the long jump

Aaron
    $500 15
Jessica Savitch

Cecile
    $500 30
St. Thomas More

Henry
    $500 25
taste

Aaron

Scores at the first commercial break (after clue 15):

Aaron Henry Cecile
$900 $2,300 $800

Scores at the end of the Jeopardy! Round:

Aaron Henry Cecile
$3,100 $3,300 $1,100

Double Jeopardy! Round responses

POETS & POETRY
FLAGS
BIOLOGY
THE 1830s
BODIES OF WATER
MOVIE DEBUTS
    $200 14
Iron Bars

Aaron
    $200 2
Christopher Columbus

Cecile
    $200 1
Feather

Aaron
    $200 11
Victoria

Cecile
    $200 15
Niagara Falls

Henry
    $200 22
Eddie Murphy

Cecile
    $400 27
"Casey at the Bat"

Aaron
    $400 5
The Alamo

Henry
    $400 3
(H: What is 4?)

2

HenryCecile
    $400 12
Dueling

Henry
    $400 16
Hudson Bay

Aaron
    $400 23
Sean Penn

Henry
    $600 28
William Shakespeare

Henry
    $600 6
Fleur-de-Lis

Aaron
    $600 4
Hemoglobin

Aaron
    $600 13
Anthracite

Cecile
    $600 17
Manila Bay

Henry
    $600 24
Mark Hamill

Aaron
    $1,000 29
Richard Cory

Henry
    $800 7
Green

Aaron
    $1,300 9
Mushrooms

Henry
    $800 20
William Lloyd Garrison

Aaron
    $800 18
Snake River

Henry
    $800 25
Bo Derek

Aaron
    $1000 30
(H: Who is Sir Richard Burton?)

Edward Fitzgerald

Henry
Triple Stumper
    $1000 8
Malta

Henry
    $1000 10
Agar

Henry
    $1000 21
(A: What is Lake of the Clouds?)

Lake Itasca

Aaron
Triple Stumper
    $1000 19
Yemen

Henry
    $1000 26
(Henry: What is...)

Julia

HenryCecile

Scores at the end of the Double Jeopardy! Round:

Aaron Henry Cecile
$7,500 $9,600 $3,700

[wagering suggestions for these scores]

Final Jeopardy! Round responses

FAMOUS NAMES
CecileWho is (Pierre Trudeau)?
$3,000
AaronWho was Golda Meir?
$2,000
HenryWho was (Macmillan)Trudeau?
$5,401
Golda Meir

Final scores:

Aaron Henry Cecile
$9,500 $4,199 $700
2-day champion: $33,000 2nd place: a trip to Cancun 3rd place: Yashica 35 mm camera

Game dynamics:

Coryat scores:

Aaron Henry Cecile
$7,300 $8,900 $3,700
21 R
(including 1 DD),
2 W
24 R
(including 2 DDs),
4 W
12 R,
1 W

Combined Coryat: $19,900

[game clues] [game scores] [suggest correction]

Game tape date: 1991-08-19
The J! Archive is created by fans, for fans. Scraping, republication, monetization, and malicious use prohibited; this site may use cookies and collect identifying information. See terms. The Jeopardy! game show and all elements thereof, including but not limited to copyright and trademark thereto, are the property of Jeopardy Productions, Inc. and are protected under law. This website is not affiliated with, sponsored by, or operated by Jeopardy Productions, Inc. Join the discussion at JBoard.tv.